000 00327nam a22001457a 4500
008 230418b ||||| |||| 00| 0 eng d
020 _a9789004384033
041 _aeng
080 _2VOLUME129
_a34
082 _a34BRA
100 _a31
101 _aJURE
245 _aREVOLUTION AND ALTERNATIVES
_cBRASS T
942 _2udc
_cBK
999 _c59567
_d59567